The Republic with an English translation / (Record no. 36443)
[ view plain ]
| 000 -LEADER | |
|---|---|
| fixed length control field | 00946cam a2200277 a 4500 |
| 001 - CONTROL NUMBER | |
| control field | 36443 |
| 003 - CONTROL NUMBER IDENTIFIER | |
| rucl marc code | BD-RjUL |
| 005 - DATE AND TIME OF LATEST TRANSACTION | |
| control field | 20211209052504.0 |
| 008 - FIXED-LENGTH DATA ELEMENTS--GENERAL INFORMATION | |
| fixed length control field | 140624m1946 1935 mau 001 0 eng d |
| 035 ## - SYSTEM CONTROL NUMBER | |
| System control number | (BD-RjUL)36543 |
| System control number | (BD-RjUL)36543 |
| 040 ## - CATALOGING SOURCE | |
| Original cataloging agency | HRM |
| Transcribing agency | HRM |
| Modifying agency | m/c |
| -- | BD-RjUL |
| Language of cataloging | eng |
| 041 1# - LANGUAGE CODE | |
| Language code of text/sound track or separate title | eng |
| -- | grc |
| Language code of original | grc |
| 082 ## - DEWEY DECIMAL CLASSIFICATION NUMBER | |
| Classification number | 321.07 |
| Author mark and year | PLR 1946 |
| 090 ## - LOCALLY ASSIGNED LC-TYPE CALL NUMBER (OCLC); LOCAL CALL NUMBER (OCLC) | |
| Classification number (OCLC) (R) ; Classification number, CALL (RLIN) (NR) | PA4279 |
| Local cutter number (OCLC) ; Book number/undivided call number, CALL (RLIN) | .R4 1953-56 |
| 100 0# - MAIN ENTRY--PERSONAL NAME | |
| Personal name | Plato. |
| 9 (RLIN) | 110937 |
| 245 14 - TITLE STATEMENT | |
| Title | The Republic with an English translation / |
| Statement of responsibility, etc. | by Paul Shorey, Ph.D., LL.D., Litt.D |
| 260 ## - PUBLICATION, DISTRIBUTION, ETC. (IMPRINT) | |
| Place of publication, distribution, etc. | Cambridge, Mass : |
| Name of publisher, distributor, etc. | Harvard University Press ; |
| Place of publication, distribution, etc. | London : |
| Name of publisher, distributor, etc. | William Heinemann, |
| Date of publication, distribution, etc. | 1935 [Reprinted 1946] |
| 300 ## - PHYSICAL DESCRIPTION | |
| Pagination | lxxiii ,537 p.: |
| Size | 17 cm |
| 650 ## - SUBJECT ADDED ENTRY--TOPICAL TERM | |
| Topical term or geographic name as entry element | Political science -- Early works to 1800. |
| 9 (RLIN) | 93287 |
| Topical term or geographic name as entry element | Utopias -- Early works to 1800. |
| 9 (RLIN) | 110942 |
| Topical term or geographic name as entry element | Justice -- Early works to 1800. Vie |
| 9 (RLIN) | 110943 |
| 830 #0 - SERIES ADDED ENTRY--UNIFORM TITLE | |
| Uniform title | Loeb classical library. |
| 942 ## - ADDED ENTRY ELEMENTS (KOHA) | |
| Source of classification or shelving scheme | Dewey Decimal Classification |
| Koha item type | Books |
| Lost status | Source of classification or shelving scheme | Damaged status | Not for loan | Collection code | Permanent Location | Current Location | Shelving location | Date acquired | Source of acquisition | Cost, normal purchase price | Total Checkouts | Full call number | Date last seen | Copy number | Koha item type |
|---|---|---|---|---|---|---|---|---|---|---|---|---|---|---|---|
| Dewey Decimal Classification | Not For Loan | Non-fiction | Central Library, University of Rajshahi | Central Library, University of Rajshahi | Reading Room | 10/03/1955 | SIMKIM MARSHALL | 15.00 | 321.07 PLR 1946 | 24/06/2014 | C-1 | Books |